00705nam a2200241 a 4500001001300000003000900013005001700022008004100039020000900080082002100089100001700110245003900127260003200166300000900198500003500207505002600242650002800268700001700296902000800313942000700321952012000328999001500448nice12345678IN_TiNIC20260116012525.0050524s1980 meea grp 000 0 eng  ac5000a305.8095483bSIN aSinghal, D P aModern Indian Society and Culture. aMeerutbMeenakshi Pubc1980 a280p aincludes index and biblioraphy2 abibliography, Index. aIndia-Social Conditions1 aSinghal, D P bSRS cBK 001040708StackRoom-aHMIbHMId2007-03-29g50.00l0o305.8095483 SINp010115r2007-03-29v50.00w2005-05-24yBK c7345d7345